LEADER 01224nam2M2200385--I450- 001 990002846210203316 005 20061218133559.0 010 $a972-22-1563-9 035 $a000284621 035 $aUSA01000284621 035 $a(ALEPH)000284621USA01 035 $a000284621 100 $a20061218d1999----km-y0itay50------ba 101 0 $apor 102 $aPT 105 $ay|||z|||001yy 200 1 $a<<5.>> : <> romantismo$fpor Carlos Reis e Maria da Natividade Pires 205 $a2. ed 210 $aLisboa [etc.]$cVerbo$d1999 215 $a408 p.$d24 cm 461 1$1001000278659$12001$aHistória crítica da literatura portuguesa 606 0 $aLetteratura portoghese$xStoria 676 $a869.09 700 1$aREIS,$bCarlos Antonio Alves dos$0157373 701 1$aPIRES,$bMaria da Natividade Carvalho <1960 - >$0595409 801 0$aIT$bsalbc$gISBD$c20040214 912 $a990002846210203316 951 $aVI.6.C. 5/5(II sp B4 292/5)$b190824 L.M.$cVI.6.$d00120010 959 $aBK 969 $aUMA 979 $aANNAMARIA$b90$c20061218$lUSA01$h1315 979 $aANNAMARIA$b90$c20061218$lUSA01$h1325 979 $aANNAMARIA$b90$c20061218$lUSA01$h1335 996 $aRomantismo$9992447 997 $aUNISA LEADER 00988oam 2200277z- 450 001 9910158892903321 010 $a1-78428-170-0 035 $a(CKB)3710000001011768 035 $a(VLeBooks)9781784281700 035 $a(Exl-AI)993710000001011768 035 $a(EXLCZ)993710000001011768 100 $a20190224c2016uuuu -u- - 101 0 $aeng 200 $aFavourite Poems 210 $cArcturus 215 $a1 online resource (1 p.) 330 $aFrom verse of the past to modern classics, this anthology of poetry has words for every occasion: about youth and age, nature, musings on life and death, wisdom, nonsense, romance and much besides. Each work has been specially chosen to complement the collection. 606 $aPoetry$7Generated by AI 606 $aAnthologies$7Generated by AI 615 0$aPoetry 615 0$aAnthologies 700 $aGeorge Davidson$0815104 906 $aBOOK 912 $a9910158892903321 996 $aFavourite Poems$94174214 997 $aUNINA